Länder, die Lufthansa anfliegt - Statistiken

Allgemein
  • Dieses Quiz wurde 48 mal gespielt
  • Das Durchschnittsergebnis liegt bei 51 aus 63
Antworten auf der Karte
Die Antworten werden auf der Karte rot bzw. grün angezeigt, abhängig davon wie oft sie richtig erraten wurden.
 
Antwortstatistiken
Land % Korrekt
Brasilien
98%
Dänemark
98%
Frankreich
98%
Irland
98%
Italien
98%
Kanada
98%
Mexiko
98%
Norwegen
98%
Polen
98%
Portugal
98%
Schweden
98%
Spanien
98%
Vereinigtes Königreich
98%
Vereinigte Staaten
98%
Belgien
95%
China
95%
Deutschland
95%
Finnland
95%
Indien
95%
Niederlande
95%
Österreich
95%
Schweiz
95%
Tschechien
95%
Estland
93%
Island
93%
Lettland
93%
Marokko
93%
Ägypten
91%
Griechenland
91%
Litauen
91%
Rumanien
91%
Türkei
91%
Algerien
88%
Argentinien
88%
Japan
88%
Kroatien
88%
Südafrika
88%
Albanien
86%
Bulgarien
86%
Saudi-Arabien
84%
Serbien
84%
Slowenien
84%
Thailand
84%
Tunesien
84%
Ungarn
84%
Bosnien & Herzegovina
79%
Vereinigte Arabische Emirate
77%
Kolumbien
74%
Luxemburg
74%
Malta
74%
Südkorea
70%
Israel
67%
Zypern
63%
Iran
60%
Armenien
42%
Aserbaidschan
42%
Costa Rica
42%
Georgien
40%
Jordanien
37%
Philippinen
37%
Kuwait
33%
Libanon
33%
Angola
7%
Keine übereinstimmenden Quizze gefunden
Verteilung der Resultate
Anzahl Personen mit jedem Resultat
Perzentil nach korrekt beantworteten Fragen
Ihre Resultats-Entwicklung
Sie haben dieses Quiz noch nicht gespielt